000
00288nam a22001337a 4500
008
171023b xxu||||| |||| 00| 0 eng d
020
_a
9780256182279
041
_a
eng
080
_a
338
100
_a
54
101
_a
MEN
245
_a
CASES IN QUALITY
_c
BOUNDS.G.W
942
_2
udc
_c
BK
999
_c
35402
_d
35402